000 00248pam a2200121 a 4500
020 _c
041 _aeng
100 _aErnest Rhys.
245 _aHistory
_hTextual Documents
260 _a[s.l]:
_bJ.M.Denth& Sons
300 _a804p.
930 _a15247
999 _c92147
_d92147